Meditaciones

Salvato in:
Dettagli Bibliografici
Autore principale: Marañon, Gregorio
Natura: Libro
Lingua:Undetermined
Pubblicazione: Santiago, Chile Ediciones Nueva Epoca 1933
Soggetti:
Tags: Aggiungi Tag
Nessun Tag, puoi essere il primo ad aggiungerne!!

MARC

LEADER 00000nam a2200000Ia 4500
008 170316s9999 xx 000 0 und d
999 |c 1475  |d 1475 
040 |a cru BVZT 
090 |a 100 M-10m 
100 |a Marañon, Gregorio 
245 |a Meditaciones  |c / Gregorio Marañon 
260 |a Santiago, Chile  |b Ediciones Nueva Epoca  |c 1933 
300 |a 183 páginas 
650 |a FILOSOFÍA  |9 5 
942 |c 15 D  |h 100 M-10m  |2 z